000 00570nam a2200217Ia 4500
003 OSt
005 20220918191820.0
006 a|||||r|||| 00| 0
007 ta
008 220917b |||||||| |||| 00| 0 eng d
024 _a65,266
037 _cTextual
040 _aARTS
_cARTS
_beng
041 _2eng
_aeng
082 _aR1z7, G1;1
100 _aRamsey F P
_977270
245 0 _aFoundations of mathematics and other logical essays ed by R B Braithwaite
260 _c1931
942 _hR1z7, G1;1
_cTEXL
_2CC
999 _c191516
_d191516